Cities of Bremer County, Iowa - Statistics

General Stats
  • This quiz has been taken 26 times
  • The average score is 6 of 8
Answer Stats
Cities % Correct
3 Denver
100%
5 Janesville
100%
1 Waverly
100%
8 Frederika
80%
7 Plainfield
80%
4 Tripoli
80%
2 Sumner
60%
6 Readlyn
40%
No matching quizzes found
Score Distribution
Percent of People with Each Score
Percentile by Number Answered
Your Score History
You have not taken this quiz